• 首页
  • 本馆介绍
  • 公告通知
  • 最新文献
  • 馆藏检索
  • 电子资源
  • 读者导购
  • 参考咨询
  • 我的图书馆
  • 登录
  • 详细信息显示
  • 放入我的书架
  • 预约/预借图书
  • 作者相关作品
  • 分类相关作品
  • 丛书相关作品
  • 出版社相关作品

书目信息

  • 表格格式
  • 工作单格式
  • 卡片格式
题名:
红外线技术在军事中的应用
    
 
作者: 伊万诺夫 , 佳普金 著 ;黄家骏 译
分册:  
出版信息: 北京   国防工业出版社  1966
页数: 272页
开本: 20cm
丛书名:
单 册:
中图分类: TN219:E
科图分类:
主题词: 红外技术 , 红外系统
电子资源:
ISBN:
000 00788nam0 2200241 450
001 0753661856
005 20070930145845.26
010    @dCNY1.40
100    @a20070930d1966 km y0chiy0120 ea
101 0  @achi@crus
102    @aCN@b110000
102    @aCN@b110000
200 1  @a红外线技术在军事中的应用@Ahong wai xian ji shu zai jun shi zhong de ying yong@f(苏)А·Ю·伊万诺夫,Б·В·佳普金著@F(su)А·Ю·yi wan nuo fu,Б·В·jia pu jin zhu@g黄家骏译@Ghuang jia jun yi
210    @a北京@c国防工业出版社@d1966
215    @a272页@d20cm
606 0  @a红外技术
606 0  @a红外系统
690    @aTN219:E@v3
701  0 @a伊万诺夫@Ayi wan nuo fu@4著
701  0 @a佳普金@Ajia pu jin@4著
702  0 @a黄家骏@Ahuang jia jun@4译
801  0 @aCN@bPFT@c20070930
905    @a10447@dTN219:E@e81
    
    红外线技术在军事中的应用/(苏)А·Ю·伊万诺夫,Б·В·佳普金著/黄家骏译.-北京:国防工业出版社,1966
    272页;20cm
    
    
    ISBN :CNY1.40
    
●
相关链接 在E读中查询图书 在五车中查询图书 在当当中查询图书 在豆瓣中查询图书


正题名:红外线技术在军事中的应用     索取号:TN219:E/81         预约/预借

序号 登录号 条形码 馆藏地/架位号 状态 备注
1 626256   206262569   密集书库/ [索取号:TN219:E/81] 在馆    
唐山师范学院图书馆 欢迎您!
大连网信软件有限公司© 版权所有